LEADER 00941nam a2200241 i 4500 001 000000213520 003 CaOOAMICUS 005 20230228152439.0 008 120528s1925 it u000 u ita u 040 $aSeMil$bita 100 0 $aAeschylus ,$d.$0(OLS)http://semarc/name/9321 245 10$aAgamennone /$cEschilo ; versione ritmica a cura di Armando Marchioni. 264 1$aRoma :$bMaglione & C. Strini,$c1925. 300 $a106 p. ;$c25 cm. 650 4$aEschilo - Opere.$0(OLS)http://semarc/subject/3260 700 1 $aMarchioni, Armando.$0(OLS)http://semarc/name/76053 850 $aSeMil 852 $aSeMil$W1$xVenegono$y1$m1X V 23$j237828$B163950$CSeMilBibl$Z2$F175003 $81 900 0 $aEschilo. 996 $6245$aAgamennone$9(OLS)http://semarc/title/251443 996 $6264$aRoma :$bMaglione & C. Strini$9(OLS)http://semarc/publisher/52777 LEADER 00805nam a2200217 i 4500 001 000000159046 003 CaOOAMICUS 005 20110418000000.0 008 110418s1903 it u000 u ita u 013 $a136409 040 $aSeMil$bita 100 1 $aRicci, Raffaello.$0(OLS)http://semarc/name/41669 245 13$aLa Corona e le Palatine di Puglia /$cRaffaello Ricci. 260 $a[S.l. :$bs.n.],$c1903. 300 $aP. 147-154 ;$c23 cm. 500 $aEstratto da ĞLa rassegna nazionaleğ, vol. 134. 773 0 $t[Miscellanea.$w()24786 850 $aSeMil 852 $aSeMil$W1$xVenegono$y1$m5B II 2/18 FA$j248201$B110632$CSeMilBibl$Z2$F120267 $8I 996 $6245$aLa Corona e le Palatine di Puglia$9(OLS)http://semarc/title/140815 996 $6260$a[S.l. :$bs.n.]$9(OLS)http://semarc/publisher/29751